Understanding renewable energy systems

Beginning with an overview of renewables (including biomass, hydroelectricity, geothermal, tidal, wind, and solar power) this book explores the fundamentals of various renewable energy systems. The main focus is on technologies with high development potential such as solar thermal systems, photovolt...

Celý popis

Uloženo v:
Podrobná bibliografie
Hlavní autor: Quaschning, Volker
Médium: Kniha
Jazyk:Undetermined
Vydáno: London Earthscan 2005
Témata:
Tagy: Přidat tag
Žádné tagy, Buďte první, kdo otaguje tento záznam!
Thư viện lưu trữ: Trung tâm Học liệu Trường Đại học Cần Thơ
LEADER 01126nam a2200193Ia 4500
001 CTU_239133
008 210402s9999 xx 000 0 und d
082 |a 333.79 
082 |b Q.1 
100 |a Quaschning, Volker 
245 0 |a Understanding renewable energy systems 
245 0 |c Volker Quaschning 
260 |a London 
260 |b Earthscan 
260 |c 2005 
520 |a Beginning with an overview of renewables (including biomass, hydroelectricity, geothermal, tidal, wind, and solar power) this book explores the fundamentals of various renewable energy systems. The main focus is on technologies with high development potential such as solar thermal systems, photovoltaics, and wind power. This text not only describes technological aspects but also deals consciously with problems of the energy industry. In this way, the topics are treated in a holistic manner, enabling readers to gain a broad understanding of renewable energy technology and its potential. 
650 |a Năng lượng tái tạo,Renewable energy sources 
910 |b dqhieu 
980 |a Trung tâm Học liệu Trường Đại học Cần Thơ